[Event "Ambelokipi op 163th"]
[Site "Athens"]
[Date "2017.04.05"]
[Round "6"]
[White "Lakafosis, Ioannis"]
[Black "Maragkakis, Michail"]
[Result "0-1"]
[WhiteElo "1973"]
[BlackElo "1711"]
[PlyCount "72"]
[EventDate "2017.03.01"]
[EventType "swiss"]
[EventRounds "7"]
[EventCountry "GRE"]
[SourceTitle "EXT 2024"]
[Source "ChessBase"]
[SourceDate "2023.10.10"]
[SourceVersion "1"]
[SourceVersionDate "2023.10.10"]
[SourceQuality "1"]

1. e4 d5 2. exd5 Nf6 3. d4 Bg4 4. f3 Bf5 5. Bb5+ Nbd7 6. Nc3 a6 7. Ba4 b5 8. Bb3 Nb6 9. g4 Bc8 10. Nge2 Nfxd5 11. Nxd5 Nxd5 12. Nf4 Nb6 13. Be3 e6 14. Qe2 Bb4+ 15. c3 Be7 16. 0-0-0 0-0 17. h4 Bb7 18. g5 a5 19. g6 hxg6 20. h5 g5 21. Ng6 a4 22. h6 fxg6 23. Bxe6+ Kh8 24. Qh2 Nd5 25. hxg7+ Kxg7 26. Qh6+ Kf6 27. Bxd5 Qxd5 28. Rhg1 Rh8 29. Qxg5+ Qxg5 30. Bxg5+ Kf7 31. Bxe7 Kxe7 32. Rxg6 Bxf3 33. Re1+ Kd7 34. Re5 Rae8 35. Rxb5 Rh1+ 36. Kc2 Rh2+ 0-1

[Event "Petroupoli-ch"]
[Site "Petropouli"]
[Date "2014.02.22"]
[Round "5"]
[White "Maragkakis, Michail"]
[Black "Kontopanagos, Ioannis"]
[Result "1-0"]
[WhiteElo "1000"]
[BlackElo "1261"]
[PlyCount "51"]
[EventDate "2014.01.25"]
[EventType "swiss"]
[EventRounds "7"]
[EventCountry "GRE"]
[SourceTitle "EXT 2015"]
[Source "ChessBase"]
[SourceDate "2014.11.20"]
[SourceVersion "1"]
[SourceVersionDate "2014.11.20"]
[SourceQuality "1"]

1. e4 c5 2. Nf3 d6 3. d4 cxd4 4. Nxd4 Nf6 5. Nc3 a6 6. f3 e6 7. Be3 Be7 8. g4 Qc7 9. Qd2 Nc6 10. 0-0-0 Ne5 11. Kb1 b5 12. g5 Nfd7 13. Qf2 Nc4 14. Bc1 Na3+ 15. bxa3 Qxc3 16. Bb2 Qc5 17. Qe2 Qxg5 18. Bh3 Bf6 19. Bxe6 Bxd4 20. Bxd7+ Bxd7 21. Rxd4 Qe7 22. Rhd1 0-0 23. Rxd6 Rfd8 24. Qd3 Ra7 25. Rg1 f6 26. Bxf6 1-0

[Event "Petroupoli-ch"]
[Site "Petropouli"]
[Date "2014.02.01"]
[Round "2"]
[White "Karagiannis, Georgios1111"]
[Black "Maragkakis, Michail"]
[Result "0-1"]
[WhiteElo "1490"]
[BlackElo "1000"]
[PlyCount "60"]
[EventDate "2014.01.25"]
[EventType "swiss"]
[EventRounds "7"]
[EventCountry "GRE"]
[SourceTitle "EXT 2015"]
[Source "ChessBase"]
[SourceDate "2014.11.20"]
[SourceVersion "1"]
[SourceVersionDate "2014.11.20"]
[SourceQuality "1"]

1. e4 d6 2. Nf3 Nf6 3. Nc3 b6 4. Bb5+ c6 5. Bc4 e6 6. d4 Be7 7. d5 b5 8. Bd3 b4 9. Ne2 cxd5 10. exd5 Nxd5 11. Be4 Bb7 12. Nf4 Nc3 13. bxc3 Bxe4 14. cxb4 Qc7 15. Nd4 Nd7 16. 0-0 0-0 17. Bb2 Nb6 18. Nd3 Bf5 19. Rc1 Rac8 20. Nf3 Qc4 21. a3 e5 22. Nd2 Qg4 23. Qf3 Bg6 24. Qb7 Na4 25. Ba1 Bg5 26. Nf3 Qf5 27. Nxg5 Qxg5 28. Qxa7 Bxd3 29. f4 exf4 30. cxd3 f3 0-1